[Event "Niederoesterreich Landesliga 1819"]
[Site "Austria"]
[Date "2019.01.27"]
[Round "7.2"]
[White "Ganaus, Hannes"]
[Black "Rumpl, Erwin"]
[Result "0-1"]
[WhiteElo "2290"]
[BlackElo "2293"]
[PlyCount "78"]
[EventDate "2018.09.30"]
[EventType "team-tourn"]
[EventRounds "11"]
[EventCountry "AUT"]
[SourceTitle "CBM 189 Extra"]
[Source "ChessBase"]
[SourceDate "2019.06.03"]
[SourceVersion "1"]
[SourceVersionDate "2019.06.03"]
[SourceQuality "1"]
[WhiteTeam "Poechlarn"]
[BlackTeam "Amstetten"]
[WhiteTeamCountry "AUT"]
[BlackTeamCountry "AUT"]

1. d4 Nf6 2. Nf3 e6 3. c4 Bb4+ 4. Nc3 c5 5. Qb3 Ne4 6. Nd2 Nxc3 7. bxc3 Ba5 8. Ba3 cxd4 9. 0-0-0 dxc3 10. Ne4 Bc7 11. g4 Nc6 12. Qxc3 f6 13. g5 Be5 14. Nd6+ Bxd6 15. Bxd6 Qa5 16. Qxa5 Nxa5 17. e3 f5 18. Rg1 b6 19. Be5 Ba6 20. Bxg7 Rg8 21. Bf6 Rc8 22. h4 Bxc4 23. Kb2 Bxf1 24. Rgxf1 d5 25. Kb1 Rc4 26. f4 Kf7 27. h5 Rb4+ 28. Ka1 Ra4 29. Rg1 b5 30. Be5 b4 31. g6+ hxg6 32. h6 b3 33. Rg2 Nc4 34. h7 Rd8 35. Bd4 e5 36. fxe5 b2+ 37. Kb1 Rb8 38. e6+ Ke7 39. Rd3 Rxa2 0-1

[Event "Niederoesterreich Landesliga 1718"]
[Site "Austria"]
[Date "2017.12.10"]
[Round "6.2"]
[White "Schueller, Ernst"]
[Black "Rumpl, Erwin"]
[Result "1/2-1/2"]
[WhiteElo "2168"]
[BlackElo "2295"]
[PlyCount "135"]
[EventDate "2017.10.01"]
[EventType "team-tourn"]
[EventRounds "11"]
[EventCountry "AUT"]
[SourceTitle "EXT 2019"]
[Source "ChessBase"]
[SourceDate "2018.10.10"]
[SourceVersion "1"]
[SourceVersionDate "2018.10.10"]
[SourceQuality "1"]
[WhiteTeam "Krems Voest"]
[BlackTeam "Amstetten"]
[WhiteTeamCountry "AUT"]
[BlackTeamCountry "AUT"]

1. Nf3 b6 2. g3 Bb7 3. Bg2 g6 4. 0-0 Bg7 5. c4 Nf6 6. Nc3 0-0 7. d3 c5 8. e4 Nc6 9. Bd2 d6 10. Qc1 Ng4 11. a3 Nge5 12. Ne1 Nd4 13. Qd1 a6 14. Ne2 Nxe2+ 15. Qxe2 Nc6 16. Bc3 Nd4 17. Bxd4 Bxd4 18. Rb1 b5 19. Nc2 Bg7 20. b4 cxb4 21. Rxb4 Bc6 22. cxb5 Bxb5 23. a4 Bc6 24. Ne3 Rb8 25. Rfb1 Rxb4 26. Rxb4 Qa5 27. Qe1 Bd4 28. Nc4 Qc5 29. Rb6 a5 30. Ra6 Ra8 31. Rxa8+ Bxa8 32. Qxa5 Bxf2+ 33. Kf1 Bc6 34. Qxc5 Bxc5 35. a5 Bb5 36. Ke2 Bb4 37. e5 dxe5 38. Nxe5 Bxa5 39. Nc6 Bxc6 40. Bxc6 Bc7 41. Kf3 Kg7 42. h3 h5 43. h4 Ba5 44. Kf2 Bc3 45. Be8 Kf8 46. Bb5 e6 47. Ba4 Ke7 48. Bc6 Kd6 49. Be8 Ke7 50. Ba4 f5 51. Bb5 Kf6 52. Be8 Bd2 53. Ke2 Bc1 54. Kd1 Ba3 55. Ke2 Bb4 56. Kf2 Bc3 57. Ke2 e5 58. Bc6 f4 59. Kf3 Be1 60. gxf4 exf4 61. Kxf4 Bxh4 62. Be8 Bg5+ 63. Kf3 Bh6 64. Kg2 Bf4 65. d4 Bd6 66. d5 Kg5 67. Kh3 Kh6 68. Bxg6 1/2-1/2

[Event "Niederoesterreich Landesliga 1718"]
[Site "Austria"]
[Date "2017.11.26"]
[Round "5.1"]
[White "Lendwai, Reinhard"]
[Black "Rumpl, Erwin"]
[Result "1/2-1/2"]
[WhiteElo "2380"]
[BlackElo "2295"]
[PlyCount "26"]
[EventDate "2017.10.01"]
[EventType "team-tourn"]
[EventRounds "11"]
[EventCountry "AUT"]
[SourceTitle "EXT 2019"]
[Source "ChessBase"]
[SourceDate "2018.10.10"]
[SourceVersion "1"]
[SourceVersionDate "2018.10.10"]
[SourceQuality "1"]
[WhiteTeam "Baden Invest II"]
[BlackTeam "Amstetten"]
[WhiteTeamCountry "AUT"]
[BlackTeamCountry "AUT"]

1. e4 e6 2. d4 b6 3. Nf3 Bb7 4. Bd3 d5 5. exd5 Qxd5 6. 0-0 Nf6 7. c4 Qd8 8. d5 exd5 9. cxd5 Be7 10. Bb5+ Nbd7 11. Nd4 0-0 12. Nc6 Bxc6 13. Bxc6 Rb8 1/2-1/2

[Event "AUT-chT2O 1718"]
[Site "Austria"]
[Date "2017.11.19"]
[Round "4.2"]
[White "Rumpl, Erwin"]
[Black "Hofmann, Thomas"]
[Result "1/2-1/2"]
[WhiteElo "2295"]
[BlackElo "2252"]
[PlyCount "90"]
[EventDate "2017.10.21"]
[EventType "team-tourn"]
[EventRounds "11"]
[EventCountry "AUT"]
[SourceTitle "CBM 181 Extra"]
[Source "ChessBase"]
[SourceDate "2017.12.12"]
[SourceVersion "1"]
[SourceVersionDate "2017.12.12"]
[SourceQuality "1"]
[WhiteTeam "Pressbaum"]
[BlackTeam "Mostarrichi"]
[WhiteTeamCountry "AUT"]
[BlackTeamCountry "AUT"]

1. Nf3 c5 2. g3 b6 3. Bg2 Bb7 4. 0-0 Nf6 5. c4 e6 6. Nc3 Be7 7. b3 Nc6 8. Bb2 0-0 9. d4 d6 10. d5 exd5 11. Nxd5 Nxd5 12. Qxd5 Bf6 13. Qd2 Bxb2 14. Qxb2 Qe7 15. Rad1 Rad8 16. Rd2 Ne5 17. Nxe5 Bxg2 18. Kxg2 dxe5 19. Rfd1 f6 20. Qc2 g6 21. Rd3 Rd4 22. e3 Rxd3 23. Qxd3 e4 24. Qd5+ Rf7 25. Qc6 Kg7 26. Rd6 Qb7 27. Qxb7 Rxb7 28. g4 Kf7 29. Kg3 g5 30. Rd8 Ke6 31. h4 Rd7 32. Re8+ Kf7 33. Ra8 Kg6 34. h5+ Kh6 35. Rf8 Kg7 36. Re8 Kf7 37. Ra8 Ke6 38. Kg2 Re7 39. Rf8 Rf7 40. Rg8 Ke7 41. Rh8 f5 42. gxf5 Kf6 43. Kg3 Kxf5 44. Rg8 a6 45. Rd8 h6 1/2-1/2

[Event "Niederoesterreich Landesliga 1718"]
[Site "Austria"]
[Date "2017.11.12"]
[Round "4.2"]
[White "Wetscherek, Gerhard"]
[Black "Rumpl, Erwin"]
[Result "0-1"]
[WhiteElo "2041"]
[BlackElo "2295"]
[PlyCount "94"]
[EventDate "2017.10.01"]
[EventType "team-tourn"]
[EventRounds "11"]
[EventCountry "AUT"]
[SourceTitle "EXT 2019"]
[Source "ChessBase"]
[SourceDate "2018.10.10"]
[SourceVersion "1"]
[SourceVersionDate "2018.10.10"]
[SourceQuality "1"]
[WhiteTeam "Bisamberg/Korneuburg"]
[BlackTeam "Amstetten"]
[WhiteTeamCountry "AUT"]
[BlackTeamCountry "AUT"]

1. e4 e6 2. d4 b6 3. c4 Bb7 4. Nc3 Bb4 5. d5 Qe7 6. Be2 Nf6 7. Qd3 exd5 8. exd5 Na6 9. Be3 Nc5 10. Bxc5 Qxc5 11. Nh3 0-0 12. 0-0 Rae8 13. Bf3 Ba6 14. b3 Re5 15. Rfe1 Qe7 16. Re3 Rxe3 17. fxe3 Re8 18. Nd1 Bc5 19. Nf4 Bc8 20. Rc1 Qe5 21. Ne2 d6 22. Nd4 Ng4 23. Bxg4 Bxg4 24. Nf2 Qxe3 25. Qxe3 Rxe3 26. Kf1 Bxd4 27. Nxg4 Re4 28. h3 f5 29. Nh2 g5 30. Nf3 Bf6 31. Re1 Rxe1+ 32. Nxe1 h5 33. Nc2 Kf7 34. Ke2 Kg6 35. b4 g4 36. b5 Kg5 37. hxg4 fxg4 38. Nb4 Kf4 39. Nc6 Kg3 40. Kf1 Kh2 41. Nxa7 h4 42. Nc6 h3 43. g3 Kxg3 44. Kg1 Kf3 45. a4 g3 46. c5 g2 47. cxd6 Kg3 0-1

[Event "Niederoesterreich Landesliga 1718"]
[Site "Austria"]
[Date "2017.10.15"]
[Round "2.2"]
[White "Zwettler, Martin"]
[Black "Rumpl, Erwin"]
[Result "1/2-1/2"]
[WhiteElo "2224"]
[BlackElo "2295"]
[PlyCount "21"]
[EventDate "2017.10.01"]
[EventType "team-tourn"]
[EventRounds "11"]
[EventCountry "AUT"]
[SourceTitle "EXT 2019"]
[Source "ChessBase"]
[SourceDate "2018.10.10"]
[SourceVersion "1"]
[SourceVersionDate "2018.10.10"]
[SourceQuality "1"]
[WhiteTeam "Zwettl"]
[BlackTeam "Amstetten"]
[WhiteTeamCountry "AUT"]
[BlackTeamCountry "AUT"]

1. c4 b6 2. Nc3 Bb7 3. e4 e6 4. g3 Bb4 5. Nge2 Ne7 6. Bg2 0-0 7. 0-0 Na6 8. a3 Bxc3 9. Nxc3 d5 10. exd5 exd5 11. d3 1/2-1/2

[Event "Niederoesterreich Landesliga 1718"]
[Site "Austria"]
[Date "2017.10.01"]
[Round "1.2"]
[White "Rumpl, Erwin"]
[Black "Bauer, Thomas"]
[Result "0-1"]
[WhiteElo "2295"]
[BlackElo "2178"]
[PlyCount "90"]
[EventDate "2017.10.01"]
[EventType "team-tourn"]
[EventRounds "11"]
[EventCountry "AUT"]
[SourceTitle "EXT 2019"]
[Source "ChessBase"]
[SourceDate "2018.10.10"]
[SourceVersion "1"]
[SourceVersionDate "2018.10.10"]
[SourceQuality "1"]
[WhiteTeam "Amstetten"]
[BlackTeam "Litschau/Eisgarn"]
[WhiteTeamCountry "AUT"]
[BlackTeamCountry "AUT"]

1. Nf3 d6 2. d4 Nf6 3. g3 g6 4. b3 Bg7 5. Bb2 0-0 6. Bg2 a6 7. 0-0 Nc6 8. Re1 Rb8 9. e4 e5 10. h3 Re8 11. dxe5 Nd7 12. Qc1 dxe5 13. Nbd2 Bh6 14. Qd1 f6 15. Nc4 Nf8 16. c3 Qe7 17. Ba3 Qf7 18. Qe2 Be6 19. Bf1 Na7 20. Rad1 Rbd8 21. Kg2 Kh8 22. Qc2 Nd7 23. Ne3 Nb5 24. Bb2 Bf8 25. Bc4 Nc5 26. Bxe6 Nxe6 27. Rxd8 Rxd8 28. a4 Na7 29. c4 Nc6 30. Nd5 Bc5 31. Rd1 Ncd4 32. Bxd4 Bxd4 33. Nc3 Rd6 34. Ne2 Qd7 35. h4 h5 36. Nc3 Bxc3 37. Rxd6 Qxd6 38. Qxc3 Kg7 39. Nd2 Nc5 40. Qc2 Qd4 41. Kf1 Nd3 42. Nb1 Qxe4 43. Nc3 Qh1+ 44. Ke2 e4 45. Ke3 Qf3+ 0-1

[Event "AUT-chT2O 1617"]
[Site "Austria"]
[Date "2017.04.02"]
[Round "11.2"]
[White "Maslik, Miroslav"]
[Black "Rumpl, Erwin"]
[Result "1-0"]
[WhiteElo "2355"]
[BlackElo "2317"]
[PlyCount "73"]
[EventDate "2016.10.15"]
[EventType "team-tourn"]
[EventRounds "11"]
[EventCountry "AUT"]
[SourceTitle "CBM 177 Extra"]
[Source "ChessBase"]
[SourceDate "2017.04.27"]
[SourceVersion "1"]
[SourceVersionDate "2017.04.27"]
[SourceQuality "1"]
[WhiteTeam "Pamhagen"]
[BlackTeam "Pressbaum"]
[WhiteTeamCountry "AUT"]
[BlackTeamCountry "AUT"]

1. d4 Nf6 2. Bg5 d5 3. e3 e6 4. c4 Be7 5. Nc3 0-0 6. cxd5 Nxd5 7. Bxe7 Qxe7 8. Rc1 c6 9. Bd3 Nxc3 10. Rxc3 e5 11. dxe5 Qxe5 12. Nf3 Qe7 13. 0-0 Nd7 14. Qa4 Ne5 15. Nxe5 Qxe5 16. Qc2 g6 17. Rc5 Qe7 18. e4 Bd7 19. f4 b6 20. Rc3 c5 21. e5 Rac8 22. Qe2 Rfe8 23. Bc4 Be6 24. Re3 Bxc4 25. Qxc4 Rcd8 26. f5 Rd4 27. Qe2 Qb7 28. e6 fxe6 29. fxg6 hxg6 30. Rxe6 Rxe6 31. Qxe6+ Kg7 32. Qe5+ Kh7 33. Rf3 Rd1+ 34. Kf2 Rd5 35. Rh3+ Kg8 36. Rh8+ Kf7 37. Rh7+ 1-0

[Event "AUT-chT2O 1617"]
[Site "Austria"]
[Date "2017.03.05"]
[Round "9.6"]
[White "Certek, Pavel"]
[Black "Rumpl, Erwin"]
[Result "0-1"]
[WhiteElo "2249"]
[BlackElo "2317"]
[PlyCount "184"]
[EventDate "2016.10.15"]
[EventType "team-tourn"]
[EventRounds "11"]
[EventCountry "AUT"]
[SourceTitle "CBM 177 Extra"]
[Source "ChessBase"]
[SourceDate "2017.04.27"]
[SourceVersion "1"]
[SourceVersionDate "2017.04.27"]
[SourceQuality "1"]
[WhiteTeam "Mattersburg"]
[BlackTeam "Pressbaum"]
[WhiteTeamCountry "AUT"]
[BlackTeamCountry "AUT"]

1. d4 Nf6 2. Nf3 c5 3. e3 g6 4. Be2 Bg7 5. 0-0 cxd4 6. exd4 0-0 7. c3 d5 8. Bf4 Nc6 9. Ne5 Nd7 10. Nxd7 Bxd7 11. Bf3 e6 12. Qd2 Na5 13. Na3 Rc8 14. Rfe1 Re8 15. h4 Qb6 16. Rab1 Bf8 17. Be5 Qd8 18. Qf4 Be7 19. g3 b5 20. Bd6 Bxd6 21. Qxd6 Qc7 22. Qb4 Nc4 23. Nxc4 Qxc4 24. Qxc4 Rxc4 25. a3 a5 26. Be2 Rc7 27. Bd3 Rb8 28. Rec1 Rbc8 29. Rd1 b4 30. cxb4 axb4 31. Ra1 bxa3 32. Rxa3 Rb8 33. Rd2 Rb4 34. Be2 Kg7 35. Kg2 Rcb7 36. Ra2 Ba4 37. Kf1 h6 38. Ke1 Bb3 39. Ra1 g5 40. hxg5 hxg5 41. Ra3 Kf6 42. Ba6 Ra7 43. Be2 Rc7 44. Bd3 Ke7 45. Ke2 Rc1 46. Ke3 Re1+ 47. Re2 Rd1 48. Rd2 Rc1 49. Ra7+ Kf6 50. Ra5 Bd1 51. Rb5 Ra4 52. b3 Ra3 53. Rb2 Rc3 54. Kd2 Rcxb3 55. R5xb3 Bxb3 56. Rb1 Ra2+ 57. Ke3 Bc2 58. Bxc2 Rxc2 59. Rb7 Rc3+ 60. Kd2 Rc4 61. Ke3 g4 62. Kd3 Ra4 63. Ke3 Kg6 64. Re7 Ra3+ 65. Ke2 Rf3 66. Rd7 f6 67. Rd8 Kf5 68. Rg8 Ra3 69. Rg7 e5 70. dxe5 fxe5 71. Rg8 Ra2+ 72. Ke3 Ra3+ 73. Ke2 d4 74. Rg7 Ra2+ 75. Kd3 Kf6 76. Rg8 Kf7 77. Rxg4 Rxf2 78. Rh4 Ke6 79. Rg4 Kd5 80. Rg5 Ra2 81. g4 Rf2 82. Rh5 Rf3+ 83. Ke2 Rf4 84. Rh8 Rxg4 85. Kf3 Rg1 86. Rd8+ Kc4 87. Ra8 Rf1+ 88. Ke2 Rb1 89. Kf3 Rb3+ 90. Ke2 Kd5 91. Rh8 Rb4 92. Kd1 e4 0-1

[Event "AUT-chT2O 1617"]
[Site "Austria"]
[Date "2017.03.04"]
[Round "8.1"]
[White "Rumpl, Erwin"]
[Black "Loeffler, Stefan"]
[Result "0-1"]
[WhiteElo "2317"]
[BlackElo "2378"]
[PlyCount "104"]
[EventDate "2016.10.15"]
[EventType "team-tourn"]
[EventRounds "11"]
[EventCountry "AUT"]
[SourceTitle "CBM 177 Extra"]
[Source "ChessBase"]
[SourceDate "2017.04.27"]
[SourceVersion "1"]
[SourceVersionDate "2017.04.27"]
[SourceQuality "1"]
[WhiteTeam "Pressbaum"]
[BlackTeam "Poechlarn"]
[WhiteTeamCountry "AUT"]
[BlackTeamCountry "AUT"]

1. Nf3 c5 2. e4 e6 3. g3 d5 4. exd5 exd5 5. d4 Nc6 6. Bg2 Bg4 7. dxc5 Bxc5 8. 0-0 Nf6 9. Nc3 h6 10. Re1+ Be6 11. Na4 Bd6 12. Nd4 Nxd4 13. Qxd4 Rc8 14. Nc3 0-0 15. Qd3 Bb4 16. Be3 Ne4 17. Bd4 Bf5 18. Qb5 Bxc3 19. bxc3 b6 20. Re3 Qd6 21. Rd1 Qg6 22. Rde1 Rfd8 23. a4 Kh7 24. Qa6 Rc7 25. a5 Nc5 26. Bxc5 bxc5 27. Qxg6+ Kxg6 28. Re7 Rdd7 29. R7e5 Be6 30. Rd1 Kf6 31. Re3 Rd6 32. Rf3+ Ke7 33. Re3 Kd7 34. Red3 c4 35. Rd4 Rc5 36. a6 Kc7 37. f4 Kb6 38. f5 Bxf5 39. Bxd5 Bxc2 40. Bxf7 Rf6 41. Rd6+ Rc6 42. Rxc6+ Kxc6 43. Bd5+ Kc5 44. Rd2 Bd3 45. Bb7 Rf1+ 46. Kg2 Rc1 47. Rf2 Rxc3 48. Rf7 Ra3 49. Bc8 c3 50. Rxa7 c2 51. Rc7+ Kd4 52. Kf2 Bc4 0-1

[Event "Niederoesterreich Landesliga 1617"]
[Site "Austria"]
[Date "2017.01.29"]
[Round "6.2"]
[White "Hofmann, Thomas"]
[Black "Rumpl, Erwin"]
[Result "1-0"]
[WhiteElo "2260"]
[BlackElo "2318"]
[PlyCount "45"]
[EventDate "2016.10.02"]
[EventType "team-tourn"]
[EventRounds "11"]
[EventCountry "AUT"]
[SourceTitle "EXT 2018"]
[Source "ChessBase"]
[SourceDate "2017.10.13"]
[SourceVersion "1"]
[SourceVersionDate "2017.10.13"]
[SourceQuality "1"]
[WhiteTeam "Mistelbach"]
[BlackTeam "Amstetten"]
[WhiteTeamCountry "AUT"]
[BlackTeamCountry "AUT"]

1. d4 b6 2. c4 Bb7 3. Nc3 g6 4. e4 Bg7 5. Be3 d6 6. Be2 c5 7. d5 Nf6 8. Qd2 h5 9. f3 Nbd7 10. Nh3 Ne5 11. 0-0 Bc8 12. Nf2 Qc7 13. h3 h4 14. f4 Ned7 15. Nb5 Qb8 16. e5 dxe5 17. d6 exd6 18. Nxd6+ Ke7 19. Rad1 a6 20. fxe5 Nxe5 21. Bg5 Rd8 22. Nfe4 Bf5 23. Qd5 1-0

[Event "AUT-chT2O 1516"]
[Site "Austria"]
[Date "2016.04.10"]
[Round "11.6"]
[White "Rumpl, Erwin"]
[Black "Wilke, Werner"]
[Result "1/2-1/2"]
[WhiteElo "2334"]
[BlackElo "2260"]
[PlyCount "165"]
[EventDate "2015.10.17"]
[EventType "team-tourn"]
[EventRounds "11"]
[EventCountry "AUT"]
[SourceTitle "EXT 2017"]
[Source "ChessBase"]
[SourceDate "2016.10.25"]
[SourceVersion "1"]
[SourceVersionDate "2016.10.25"]
[SourceQuality "1"]
[WhiteTeam "Pressbaum"]
[BlackTeam "Poechlarn"]
[WhiteTeamCountry "AUT"]
[BlackTeamCountry "AUT"]

1. d4 d6 2. e4 g6 3. c4 Bg7 4. Nc3 Nc6 5. Be3 e5 6. d5 Nce7 7. c5 Nf6 8. cxd6 cxd6 9. Bb5+ Bd7 10. Bxd7+ Qxd7 11. f3 0-0 12. Nge2 b5 13. 0-0 Rfc8 14. b3 Nh5 15. Rc1 Nf4 16. Qd2 g5 17. a4 bxa4 18. bxa4 Neg6 19. Nb5 a6 20. Rxc8+ Rxc8 21. Na7 Rc4 22. a5 Qa4 23. Nxf4 exf4 24. Bf2 Bc3 25. Qe2 Ne5 26. Nc6 Nxc6 27. dxc6 Qxc6 28. Rc1 Qa4 29. Kf1 Rc6 30. Be1 Bxe1 31. Rxc6 Qxc6 32. Qxe1 Qc4+ 33. Kf2 Qd4+ 34. Kf1 Qd3+ 35. Kf2 h5 36. h3 Kg7 37. Qa1+ f6 38. Qa4 Qe3+ 39. Kf1 Qc1+ 40. Kf2 Qc8 41. Ke2 g4 42. hxg4 hxg4 43. Kd3 Kg6 44. Qa2 Kg7 45. Qd2 gxf3 46. gxf3 Qc5 47. Qxf4 Qb5+ 48. Ke3 Qc5+ 49. Ke2 Qc2+ 50. Kf1 Qd1+ 51. Kg2 Qe2+ 52. Kh3 Qf1+ 53. Kg4 Qg2+ 54. Qg3 Qxg3+ 55. Kxg3 Kf7 56. Kg4 Ke6 57. Kf4 Ke7 58. Kf5 Kf7 59. f4 Ke7 60. Kg6 Ke6 61. f5+ Ke5 62. Kf7 Kxe4 63. Kxf6 d5 64. Ke6 d4 65. f6 d3 66. f7 d2 67. f8Q d1Q 68. Qf5+ Ke3 69. Qe5+ Kf2 70. Qc5+ Kg3 71. Qc7+ Kh4 72. Qb6 Qd3 73. Ke5 Kg5 74. Qg1+ Kh6 75. Qd4 Qg3+ 76. Kd5 Qg5+ 77. Qe5 Qxe5+ 78. Kxe5 Kg5 79. Kd6 Kf6 80. Kc6 Ke6 81. Kb6 Kd6 82. Kxa6 Kc6 83. Ka7 1/2-1/2

[Event "AUT-chT2O 1516"]
[Site "Austria"]
[Date "2016.04.09"]
[Round "10.1"]
[White "Zojer, Stefan"]
[Black "Rumpl, Erwin"]
[Result "0-1"]
[WhiteElo "2109"]
[BlackElo "2334"]
[PlyCount "76"]
[EventDate "2015.10.17"]
[EventType "team-tourn"]
[EventRounds "11"]
[EventCountry "AUT"]
[SourceTitle "EXT 2017"]
[Source "ChessBase"]
[SourceDate "2016.10.25"]
[SourceVersion "1"]
[SourceVersionDate "2016.10.25"]
[SourceQuality "1"]
[WhiteTeam "Baden Invest"]
[BlackTeam "Pressbaum"]
[WhiteTeamCountry "AUT"]
[BlackTeamCountry "AUT"]

1. e4 b6 2. d4 Bb7 3. Nc3 e6 4. a3 Nf6 5. e5 Nd5 6. Nf3 Nxc3 7. bxc3 d6 8. Bd3 Nd7 9. Bf4 Be7 10. 0-0 g5 11. Bg3 h5 12. h3 g4 13. hxg4 hxg4 14. Nh2 dxe5 15. dxe5 Nc5 16. Bb5+ c6 17. Bd3 Nxd3 18. cxd3 Qd5 19. Nxg4 0-0-0 20. d4 c5 21. Ne3 Qe4 22. Qc2 cxd4 23. Qxe4 Bxe4 24. cxd4 Rxd4 25. Rfc1+ Bc5 26. Nc4 Kd7 27. Nd6 f5 28. Rd1 Rxd1+ 29. Rxd1 Kc6 30. Bf4 Bd5 31. Rc1 Rg8 32. Be3 Bxg2 33. Kh2 Be4 34. Rc4 Kd5 35. Bxc5 bxc5 36. f4 Rg2+ 37. Kh3 Rf2 38. Ra4 Rxf4 0-1

[Event "Niederoesterreich Landesliga 1516"]
[Site "Austria"]
[Date "2016.03.13"]
[Round "10.2"]
[White "Rumpl, Erwin"]
[Black "Khalakhan, Jurij"]
[Result "1-0"]
[WhiteElo "2351"]
[BlackElo "2236"]
[PlyCount "135"]
[EventDate "2015.09.27"]
[EventType "team-tourn"]
[EventRounds "11"]
[EventCountry "AUT"]
[SourceTitle "EXT 2017"]
[Source "ChessBase"]
[SourceDate "2016.10.25"]
[SourceVersion "1"]
[SourceVersionDate "2016.10.25"]
[SourceQuality "1"]
[WhiteTeam "Amstetten"]
[BlackTeam "Litschau/Eisgarn"]
[WhiteTeamCountry "AUT"]
[BlackTeamCountry "AUT"]

1. c4 g6 2. g3 Bg7 3. Bg2 d6 4. Nc3 f5 5. e3 Nf6 6. Nge2 c6 7. b3 0-0 8. Bb2 e5 9. 0-0 Qe8 10. f4 Na6 11. Ba3 c5 12. Nd5 Rb8 13. Nxf6+ Bxf6 14. Nc3 Bd7 15. Nd5 Bg7 16. Bb2 b5 17. d3 Kh8 18. Qd2 Bc6 19. Bc3 Qd7 20. Rae1 Rbe8 21. fxe5 dxe5 22. e4 Nc7 23. Bh3 Bxd5 24. cxd5 Qd6 25. Ba5 fxe4 26. dxe4 Na6 27. Bc3 c4 28. b4 Nc7 29. Rxf8+ Rxf8 30. Rf1 Ne8 31. Rxf8+ Qxf8 32. Qe3 Nd6 33. Bg2 Qe7 34. Kf1 Bf6 35. Bd2 Kg7 36. Ke2 Qd7 37. Qh6+ Kg8 38. Bh3 Qd8 39. Be6+ Kh8 40. Qe3 Qe7 41. Qf3 Kg7 42. h4 h6 43. Qe3 g5 44. h5 Qc7 45. Kf3 Bd8 46. Bc3 Bf6 47. g4 Qb6 48. Qc1 Qc7 49. Qg1 Kf8 50. Qa1 Ne8 51. Bf5 Qe7 52. Qg1 Qb7 53. Bg6 Nd6 54. Qa1 Qe7 55. Kg3 Kg7 56. Bd2 Qc7 57. Be3 a5 58. a3 Nb7 59. Qc3 a4 60. Kf3 Kf8 61. Ke2 Kg7 62. Kd2 Nd6 63. Bc5 Nb7 64. Bf2 Kf8 65. Qf3 Ke7 66. Kc3 Qd6 67. Qe3 Qc7 68. Qa7 1-0

[Event "AUT-chT2O 1516"]
[Site "Austria"]
[Date "2016.03.06"]
[Round "8.2"]
[White "Sadilek, Peter"]
[Black "Rumpl, Erwin"]
[Result "1-0"]
[WhiteElo "2280"]
[BlackElo "2334"]
[PlyCount "99"]
[EventDate "2015.10.17"]
[EventType "team-tourn"]
[EventRounds "11"]
[EventCountry "AUT"]
[SourceTitle "EXT 2017"]
[Source "ChessBase"]
[SourceDate "2016.10.25"]
[SourceVersion "1"]
[SourceVersionDate "2016.10.25"]
[SourceQuality "1"]
[WhiteTeam "Tschaturanga"]
[BlackTeam "Pressbaum"]
[WhiteTeamCountry "AUT"]
[BlackTeamCountry "AUT"]

1. d4 Nf6 2. c4 c5 3. d5 e6 4. Nc3 exd5 5. cxd5 d6 6. e4 g6 7. f4 Bg7 8. Bb5+ Nfd7 9. Nf3 0-0 10. 0-0 Na6 11. Kh1 Nc7 12. Bd3 Rb8 13. f5 Qe7 14. Bg5 f6 15. Bf4 g5 16. Bg3 b5 17. a3 Ne5 18. b4 c4 19. Be2 Nxf3 20. Bxf3 Bd7 21. h3 Na8 22. Ne2 Nb6 23. Nd4 Rfd8 24. Ne6 Rdc8 25. Bh5 Ra8 26. h4 gxh4 27. Bxh4 c3 28. Rc1 Rc4 29. Rf4 Bh6 30. Rg4+ Kh8 31. Rc2 a5 32. Bf2 axb4 33. axb4 Na4 34. Qf3 Rxb4 35. Rh4 Bxe6 36. dxe6 Bg5 37. e5 Rb1+ 38. Kh2 Rd8 39. exf6 Bxf6 40. Rh3 Rg8 41. Bg6 Rg7 42. Qa8+ Rg8 43. Qd5 Rg7 44. Bd4 Bxd4 45. Qxd4 Kg8 46. Bf7+ Rxf7 47. exf7+ Qxf7 48. Rg3+ Kf8 49. Qh8+ Ke7 50. Rg7 1-0

[Event "Niederoesterreich Landesliga 1516"]
[Site "Austria"]
[Date "2016.01.17"]
[Round "6.2"]
[White "Rumpl, Erwin"]
[Black "Vrana, Frantisek"]
[Result "1/2-1/2"]
[WhiteElo "2351"]
[BlackElo "2228"]
[PlyCount "123"]
[EventDate "2015.09.27"]
[EventType "team-tourn"]
[EventRounds "11"]
[EventCountry "AUT"]
[SourceTitle "CBM 170 Extra"]
[Source "ChessBase"]
[SourceDate "2016.02.25"]
[SourceVersion "1"]
[SourceVersionDate "2016.02.25"]
[SourceQuality "1"]
[WhiteTeam "Amstetten"]
[BlackTeam "Mistelbach"]
[WhiteTeamCountry "AUT"]
[BlackTeamCountry "AUT"]

1. Nf3 d5 2. g3 Nf6 3. Bg2 c6 4. 0-0 Bf5 5. d3 h6 6. c4 e6 7. cxd5 cxd5 8. Qb3 Qb6 9. Qxb6 axb6 10. Nc3 Nc6 11. Nb5 Ra5 12. a4 Nd7 13. Bd2 Bb4 14. Bxb4 Nxb4 15. Nfd4 Ke7 16. Nxf5+ exf5 17. b3 Nc5 18. Rab1 Rc8 19. Nd4 g6 20. Rfc1 Raa8 21. Kf1 Na2 22. Rc2 Nb4 23. Rcc1 Na2 24. Rc2 Nb4 25. Rcb2 Ne6 26. Nb5 Nc5 27. Ke1 Ne6 28. Kd2 Rc5 29. d4 Rc6 30. Kd1 Nc7 31. Na3 Ne6 32. Nb5 Nc7 33. Na3 Ne6 34. Nc2 Nxc2 35. Rxc2 Kd6 36. e3 Rxc2 37. Kxc2 Ng5 38. f3 Ne6 39. Kd3 Rc8 40. h4 Ng7 41. Rg1 Rc7 42. e4 fxe4+ 43. fxe4 dxe4+ 44. Bxe4 f5 45. Bf3 Ne6 46. Re1 Re7 47. Re2 g5 48. hxg5 hxg5 49. Rh2 g4 50. Bh1 f4 51. gxf4 Nxf4+ 52. Kc4 g3 53. Rh6+ Kc7 54. d5 Rd7 55. d6+ Rxd6 56. Rxd6 Kxd6 57. Bxb7 Kc7 58. Ba8 g2 59. Bxg2 Nxg2 60. a5 bxa5 61. Kb5 Kb7 62. Kxa5 1/2-1/2

[Event "AUT-chT2O 1516"]
[Site "Austria"]
[Date "2015.11.28"]
[Round "3.3"]
[White "Rumpl, Erwin"]
[Black "Hangweyrer, Manfred"]
[Result "1/2-1/2"]
[WhiteElo "2334"]
[BlackElo "2390"]
[PlyCount "70"]
[EventDate "2015.10.17"]
[EventType "team-tourn"]
[EventRounds "11"]
[EventCountry "AUT"]
[SourceTitle "EXT 2017"]
[Source "ChessBase"]
[SourceDate "2016.10.25"]
[SourceVersion "1"]
[SourceVersionDate "2016.10.25"]
[SourceQuality "1"]
[WhiteTeam "Pressbaum"]
[BlackTeam "Austria"]
[WhiteTeamCountry "AUT"]
[BlackTeamCountry "AUT"]

1. Nf3 d5 2. g3 g6 3. Bg2 Bg7 4. c4 dxc4 5. Na3 e5 6. 0-0 Nc6 7. Nxc4 e4 8. Ne1 Nf6 9. d3 0-0 10. Bg5 exd3 11. Nxd3 h6 12. Bd2 Nd5 13. Nf4 Nb6 14. Nxb6 axb6 15. Qc1 Nd4 16. e3 Nb3 17. axb3 Rxa1 18. Qxa1 Qxd2 19. Nd5 Be6 20. Nxc7 Bxb3 21. Qc1 Rd8 22. Bxb7 Qd7 23. Qc6 Be5 24. Nb5 Qxc6 25. Bxc6 Rd2 26. Nd4 Bxd4 27. exd4 Rxd4 28. f4 Bd5 29. Bxd5 Rxd5 30. Rf3 Kg7 31. Rb3 b5 32. Kf2 Kf6 33. Ke3 Ke6 34. Ra3 Rd7 35. Rb3 Rd5 1/2-1/2